[Event "Titled Tuesday intern op 25th Jan"]
[Site "Chess.com INT"]
[Date "2022.01.25"]
[Round "6"]
[White "Chincholimath, Halsagar"]
[Black "Hernandez Jimenez, Alexander Andres"]
[Result "0-1"]
[WhiteElo "1754"]
[BlackElo "2167"]
[PlyCount "98"]
[EventDate "2022.01.25"]
[EventType "swiss (blitz)"]
[EventRounds "11"]
[EventCountry "USA"]
[SourceTitle "CBM 206 Extra"]
[Source "ChessBase"]
[SourceDate "2022.03.31"]
[SourceVersion "1"]
[SourceVersionDate "2022.03.31"]
[SourceQuality "1"]

1. e4 c5 2. c3 Nf6 3. e5 Nd5 4. d4 cxd4 5. cxd4 e6 6. Nf3 d6 7. exd6 Bxd6 8. Bd3 Nc6 9. 0-0 Qc7 10. a3 Bd7 11. Nc3 Nxc3 12. bxc3 0-0-0 13. Rb1 f6 14. c4 g5 15. d5 Ne5 16. Nxe5 Bxe5 17. g3 exd5 18. cxd5 Bh3 19. Be3 Bxf1 20. Bxf1 Kb8 21. Qa4 b6 22. Rc1 Qb7 23. Ba6 Qxd5 24. Qb4 Bd4 25. Rd1 Bc5 26. Rxd5 Bxb4 27. Rxd8+ Rxd8 28. axb4 Rd1+ 29. Kg2 Rb1 30. Bd2 Kc7 31. Bc3 f5 32. Bd3 Rb3 33. Be5+ Kc6 34. Bxf5 Rxb4 35. Bxh7 a5 36. Bg6 a4 37. Be8+ Kd5 38. Bf6 g4 39. Be7 Rd4 40. Bf7+ Ke5 41. f4+ gxf3+ 42. Kxf3 b5 43. g4 Rd3+ 44. Ke2 Rc3 45. g5 Rh3 46. Bd8 Rxh2+ 47. Ke3 Kf5 48. g6 Rg2 49. Ba5 Rxg6 0-1

[Event "Titled Tuesday intern op 25th Jan"]
[Site "Chess.com INT"]
[Date "2022.01.25"]
[Round "7"]
[White "Dounis, Alexandros"]
[Black "Chincholimath, Halsagar"]
[Result "1-0"]
[WhiteElo "2269"]
[BlackElo "1754"]
[PlyCount "57"]
[EventDate "2022.01.25"]
[EventType "swiss (blitz)"]
[EventRounds "11"]
[EventCountry "USA"]
[SourceTitle "CBM 206 Extra"]
[Source "ChessBase"]
[SourceDate "2022.03.31"]
[SourceVersion "1"]
[SourceVersionDate "2022.03.31"]
[SourceQuality "1"]

1. e4 c6 2. d4 d5 3. e5 Bf5 4. Nf3 e6 5. Be2 c5 6. Be3 Ne7 7. 0-0 Nec6 8. c3 Nd7 9. Nbd2 Be7 10. Re1 0-0 11. Nf1 h6 12. Ng3 Bh7 13. h3 a6 14. Nh5 b5 15. Qd2 cxd4 16. Bxh6 dxc3 17. bxc3 Ndxe5 18. Bxg7 Bg6 19. Nxe5 Nxe5 20. Bxe5 f6 21. Bg3 Kf7 22. Qh6 Rg8 23. Nf4 Bf8 24. Qh4 Be4 25. Bh5+ Ke7 26. Rad1 Qb6 27. Rxe4 dxe4 28. Bg6 e5 29. Nd5+ 1-0

[Event "Titled Tuesday intern op 25th Jan"]
[Site "Chess.com INT"]
[Date "2022.01.25"]
[Round "3"]
[White "Wu, Sibo"]
[Black "Chincholimath, Halsagar"]
[Result "1/2-1/2"]
[WhiteElo "2091"]
[BlackElo "1754"]
[PlyCount "61"]
[EventDate "2022.01.25"]
[EventType "swiss (blitz)"]
[EventRounds "11"]
[EventCountry "USA"]
[SourceTitle "CBM 206 Extra"]
[Source "ChessBase"]
[SourceDate "2022.03.31"]
[SourceVersion "1"]
[SourceVersionDate "2022.03.31"]
[SourceQuality "1"]

1. d4 d5 2. Bf4 c5 3. e3 Nf6 4. Nf3 e6 5. Nbd2 Bd6 6. Bg3 Qc7 7. dxc5 Bxg3 8. hxg3 Qxc5 9. c4 Nc6 10. Rc1 Qa5 11. a3 0-0 12. Bd3 dxc4 13. Rxc4 Rd8 14. Qb1 h6 15. g4 Qd5 16. Ke2 e5 17. g5 hxg5 18. Nxg5 e4 19. Ndxe4 Nxe4 20. Nxe4 Bf5 21. f3 Ne5 22. Rd4 Qb3 23. Nf6+ gxf6 24. Bxf5 Rxd4 25. exd4 Nc6 26. Qe4 Qxb2+ 27. Kd3 Qb3+ 28. Kd2 Qb2+ 29. Kd3 Qb3+ 30. Kd2 Qb2+ 31. Kd3 1/2-1/2